Super Sam : (Record no. 5763)

MARC details
000 -LEADER
fixed length control field 01128nam a22002897a 4500
001 - CONTROL NUMBER
control field 5763
003 - CONTROL NUMBER IDENTIFIER
control field FISKH
005 - DATE AND TIME OF LATEST TRANSACTION
control field 20250121110548.0
008 - FIXED-LENGTH DATA ELEMENTS--GENERAL INFORMATION
fixed length control field 250121b cb ||||| |||| 00| 0 eng d
020 ## - INTERNATIONAL STANDARD BOOK NUMBER
International Standard Book Number 9781584764205
040 ## - CATALOGING SOURCE
Original cataloging agency FISKH
Language of cataloging eng
Transcribing agency FISKH
Modifying agency FISKH
050 ## - LIBRARY OF CONGRESS CALL NUMBER
Classification number PN6728.P46
082 ## - DEWEY DECIMAL CLASSIFICATION NUMBER
Classification number 741.5
100 ## - MAIN ENTRY--PERSONAL NAME
Personal name Marks, Melanie
245 ## - TITLE STATEMENT
Title Super Sam :
Remainder of title It's a squid. It's a spider. No, it's super Sam! /
Statement of responsibility, etc. Written by Melanie Marks ; Illustrated by Daryll Collins ; Literacy Educator : Elizabeth Jaffe
260 ## - PUBLICATION, DISTRIBUTION, ETC.
Place of publication, distribution, etc. Norwalk :
Name of publisher, distributor, etc. Innovative Kids,
Date of publication, distribution, etc. 2006.
300 ## - PHYSICAL DESCRIPTION
Extent 24 unnumbered pages :
Other physical details color illustrations ;
Dimensions 23 cm
490 ## - SERIES STATEMENT
Series statement Phonics pc Comics
Volume/sequential designation Level 3
505 ## - FORMATTED CONTENTS NOTE
Formatted contents note H<br/>
520 ## - SUMMARY, ETC.
Summary, etc. Three adventures of Super Sam, an ordinary kid with some extraordinary powers, that are designed to be read phonetically by beginning readers. Presented in comic-book format.
521 8# - TARGET AUDIENCE NOTE
Target audience note 430<br/>
Source Lexile estimate <br/>
521 8# - TARGET AUDIENCE NOTE
Target audience note H<br/>
Source Raz-Plus <br/>
650 ## - SUBJECT ADDED ENTRY--TOPICAL TERM
Topical term or geographic name entry element Children's Phonics Comics
Form subdivision Graphic Novel
General subdivision Sports & Adventure
700 ## - ADDED ENTRY--PERSONAL NAME
Personal name Collins, Daryll
Relator term illustrator
942 ## - ADDED ENTRY ELEMENTS (KOHA)
Source of classification or shelving scheme Dewey Decimal Classification
Koha item type Books
Suppress in OPAC No
Holdings
Withdrawn status Lost status Source of classification or shelving scheme Damaged status Not for loan Collection Home library Current library Shelving location Date acquired Total Checkouts Full call number Barcode Date last seen Date last checked out Price effective from Koha item type
    Dewey Decimal Classification     Juvenile Fiction Footprints International School Library Network Toul Kork Campus Footprints International School Library Network Toul Kork Campus A TK Campus, Comic Books (All Reading Levels), B401 Bookcase 1/2, Shelf 3 01/21/2025 1 MAR 741.5 PN6728.P46 FISTK01120 03/05/2025 02/26/2025 01/21/2025 Books